LEADER 01718nam 2200565 a 450 001 9910779779003321 005 20200520144314.0 010 $a1-61942-950-0 035 $a(CKB)2550000001042991 035 $a(EBL)3021050 035 $a(SSID)ssj0000874957 035 $a(PQKBManifestationID)12299448 035 $a(PQKBTitleCode)TC0000874957 035 $a(PQKBWorkID)10888101 035 $a(PQKB)11605075 035 $a(MiAaPQ)EBC3021050 035 $a(Au-PeEL)EBL3021050 035 $a(CaPaEBR)ebr10681250 035 $a(OCoLC)836076762 035 $a(EXLCZ)992550000001042991 100 $a20120612d2012 uy 0 101 0 $aeng 135 $aur|n|---||||| 181 $ctxt 182 $cc 183 $acr 200 00$aGoats$b[electronic resource] $ehabitat, breeding and management /$fDiego E. Garrote and Gustavo J. Arede, editors 210 $aHauppauge, N.Y. $cNova Science Publishers, Inc.$dc2012 215 $a1 online resource (160 p.) 225 1 $aAnimal science, issues and professions 300 $aDescription based upon print version of record. 311 $a1-61942-932-2 320 $aIncludes bibliographical references and index. 410 0$aAnimal science, issues, and professions. 606 $aGoats$xHabitat 606 $aGoats$xBreeding 606 $aGoats$xConservation 615 0$aGoats$xHabitat. 615 0$aGoats$xBreeding. 615 0$aGoats$xConservation. 676 $a636.3/9 701 $aGarrote$b Diego E$01564930 701 $aArede$b Gustavo J$01564931 801 0$bMiAaPQ 801 1$bMiAaPQ 801 2$bMiAaPQ 906 $aBOOK 912 $a9910779779003321 996 $aGoats$93834269 997 $aUNINA LEADER 02466nam 22005895 450 001 9911034954903321 005 20251016130450.0 010 $a981-9692-31-8 024 7 $a10.1007/978-981-96-9231-6 035 $a(MiAaPQ)EBC32353758 035 $a(Au-PeEL)EBL32353758 035 $a(CKB)41648221100041 035 $a(DE-He213)978-981-96-9231-6 035 $a(OCoLC)1546969682 035 $a(EXLCZ)9941648221100041 100 $a20251016d2025 u| 0 101 0 $aeng 135 $aurcnu|||||||| 181 $ctxt$2rdacontent 182 $cc$2rdamedia 183 $acr$2rdacarrier 200 10$aAdvancements in VLSI Design, Microelectronics Devices and Circuits $eSelect Proceedings of SPIN 2025, Volume 5 /$fedited by Pradeep Kumar, William Navaraj, Fernando Moreira 205 $a1st ed. 2025. 210 1$aSingapore :$cSpringer Nature Singapore :$cImprint: Springer,$d2025. 215 $a1 online resource (257 pages) 225 1 $aLecture Notes in Electrical Engineering,$x1876-1119 ;$v1453 311 08$a981-9692-30-X 330 $aThis volume presents selected peer-reviewed papers from the 12th International Conference on Signal Processing and Integrated Networks (SPIN 2025). It offers a comprehensive overview of cutting-edge research and developments in signal processing, IoT sensors and systems, cloud computing, wireless communication, and wireless sensor networks. The collection serves as a valuable resource for researchers, practitioners, and professionals in both academia and industry. 410 0$aLecture Notes in Electrical Engineering,$x1876-1119 ;$v1453 606 $aElectronics 606 $aOptics 606 $aTelecommunication 606 $aElectronics and Microelectronics, Instrumentation 606 $aOptics and Photonics 606 $aCommunications Engineering, Networks 615 0$aElectronics. 615 0$aOptics. 615 0$aTelecommunication. 615 14$aElectronics and Microelectronics, Instrumentation. 615 24$aOptics and Photonics. 615 24$aCommunications Engineering, Networks. 676 $a621.381 700 $aKumar$b Pradeep$01369365 701 $aNavaraj$b William$01852981 701 $aMoreira$b Fernando$01726194 801 0$bMiAaPQ 801 1$bMiAaPQ 801 2$bMiAaPQ 906 $aBOOK 912 $a9911034954903321 996 $aAdvancements in VLSI Design, Microelectronics Devices and Circuits$94448979 997 $aUNINA